[Event "AUTO-OPEN-3068"]
[Site "http://www.queenalice.com/game.php?id=1213178"]
[Date "2013.8.30"]
[Round "1"]
[White "AfeuLira"]
[Black "SilviaVitoria"]
[Result "1-0"]
[WhiteElo "1946"]
[BlackElo "1178"]

1. Nf3 d5 2. d4 e6 3. c4 dxc4 4. e4 Nc6 5. Bxc4 b5 6. Bxb5 Bd7 7. Qc2 Qe7 8.
Bxc6 Bxc6 9. Qxc6+ Kd8 10. Qxa8+ Kd7 11. Ne5+ Kd6 12. Qc6# 1-0

[Event "AUTO-OPEN-3068"]
[Site "http://www.queenalice.com/game.php?id=1213179"]
[Date "2013.8.30"]
[Round "1"]
[White "SilviaVitoria"]
[Black "AfeuLira"]
[Result "0-1"]
[WhiteElo "1160"]
[BlackElo "1962"]

1. e4 c5 2. c4 e6 3. Na3 d5 4. exd5 exd5 5. cxd5 Qxd5 6. f3 Nf6 7. Nc2 Be7 8.
Qe2 O-O 9. Qxe7 Re8 10. Qxe8+ Nxe8 11. h4 Bf5 12. Rh3 Bxh3 13. gxh3 Nc6 14. d3
Nf6 15. a4 Re8+ 16. Be2 Qxd3 17. Bd2 Qxc2 18. Bc3 Nd4 19. Bxd4 cxd4 20. f4 d3
21. f5 Rxe2+ 22. Nxe2 Qxe2# 0-1

[Event "Challenge"]
[Site "http://www.queenalice.com/game.php?id=1214524"]
[Date "2013.9.5"]
[Round "-"]
[White "SilviaVitoria"]
[Black "Consultti"]
[Result "1/2-1/2"]
[WhiteElo "1147"]
[BlackElo "1540"]

1. e4 d6 2. Bb5+ c6 3. Ba4 Be6 4. Nf3 Qa5 5. Nc3 Bc4 6. b3 Be6 7. Ng5 Qxg5 8. f3
Qxg2 9. Rf1 Qxh2 10. Ne2 b5 11. Rg1 bxa4 12. bxa4 Nf6 13. Bb2 h5 14. Ba3 Bc4 15.
d3 Ba6 16. Qb1 Qe5 17. Bb4 d5 18. Bc3 Qd6 19. Bb4 Qe6 20. Nd4 Qh3 21. Ne2 Qxf3
22. Qd1 Ng4 23. Nf4 Qxf4 24. Bd2 Ne3 25. Bxe3 Qxe3+ 26. Kf1 h4 27. Rg2 h3 28.
Rg1 h2 29. Rh1 e6 30. Qc1 Qf3+ 31. Ke1 Qxh1+ 32. Ke2 Qg2+ 33. Ke3 h1=Q 34. Qxh1
Rxh1 35. Rxh1 Qxh1 36. Ke2 Bb4 37. exd5 Qa1 38. Ke3 Qxa2 39. d6 Qxa4 40. c4 c5
41. d4 cxd4+ 42. Kxd4 Qc6 43. c5 Qxc5+ 44. Ke4 Nd7 45. Kf3 Ne5+ 46. Kf4 Qd4+ 47.
Kg5 Ng6 48. Kh5 Bd2 49. d7+ Ke7 50. d8=Q+ Rxd8 1/2-1/2

[Event "AUTO-OPEN-3074"]
[Site "http://www.queenalice.com/game.php?id=1215234"]
[Date "2013.9.8"]
[Round "1"]
[White "paco78"]
[Black "SilviaVitoria"]
[Result "1-0"]
[WhiteElo "1798"]
[BlackElo "1172"]

1. d4 d5 2. Nc3 c6 3. h3 e6 4. a3 Qd6 5. e4 dxe4 6. Nxe4 Qc7 7. Qf3 b5 8. Ng5 h5
9. Bf4 e5 10. Bxe5 Qd8 11. Bxb8 Rxb8 12. Qxf7# 1-0

[Event "AUTO-OPEN-3074"]
[Site "http://www.queenalice.com/game.php?id=1215235"]
[Date "2013.9.8"]
[Round "1"]
[White "SilviaVitoria"]
[Black "paco78"]
[Result "0-1"]
[WhiteElo "1236"]
[BlackElo "1848"]

1. d4 d5 2. e3 a6 3. Bd2 Bf5 4. Bd3 Qd7 5. Bxf5 Qxf5 6. e4 Qxe4+ 7. Be3 Qxg2 8.
Bf4 Qxh1 9. Kf1 c6 10. Qe2 Nf6 11. Na3 e6 12. Rd1 g6 13. b3 Bxa3 14. c4 Ne4 15.
Rc1 Bxc1 16. Bxc1 Qxh2 17. Be3 Qh4 18. a4 b5 19. cxd5 cxd5 20. axb5 Nc3 21. Qd2
Nxb5 22. Qb4 Nc6 23. Qa4 Ncxd4 24. Bd2 O-O 25. Be3 Rfc8 26. Bxd4 Qxd4 27. Qxd4
Nxd4 28. Nf3 Nxf3 29. b4 Rc2 30. b5 axb5 31. Kg2 Ra3 32. Kh3 g5 33. Kg3 Ne1+ 34.
f3 Rxf3+ 35. Kg4 Rg2+ 36. Kh5 Rh3# 0-1

[Event "AUTO-OPEN-3074"]
[Site "http://www.queenalice.com/game.php?id=1215263"]
[Date "2013.9.8"]
[Round "1"]
[White "popcorn"]
[Black "SilviaVitoria"]
[Result "1-0"]
[WhiteElo "2226"]
[BlackElo "1177"]

1. d4 d5 2. c4 dxc4 3. Nf3 e6 4. e4 Bb4+ 5. Bd2 Bxd2+ 6. Qxd2 Na6 7. Bxc4 c6 8.
O-O Nb4 9. Qxb4 a6 10. Nc3 Qe7 11. Qxe7+ Kxe7 12. d5 cxd5 13. exd5 exd5 14.
Nxd5+ Kd7 15. Nb6+ Kc7 16. Nxa8+ Kd6 17. Rad1+ Ke7 18. Rfe1+ Be6 19. Nc7 f6 20.
Rxe6+ Kf7 21. Nh4 Ne7 22. Rd7 Kf8 23. Rd8+ Kf7 24. Rxh8 g5 25. Rxh7+ Kf8 26.
Ng6+ Nxg6 27. Re8# 1-0

[Event "Challenge"]
[Site "http://www.queenalice.com/game.php?id=1215520"]
[Date "2013.9.9"]
[Round "-"]
[White "SilviaVitoria"]
[Black "Consultti"]
[Result "0-1"]
[WhiteElo "1172"]
[BlackElo "1575"]

1. e4 e5 2. d3 d6 3. Nc3 c6 4. g4 Qh4 5. Nf3 Qxg4 6. h3 Qe6 7. Bg2 Nf6 8. b3 Na6
9. Ng5 Qe7 10. b4 Nxb4 11. Bb2 Nh5 12. Rc1 Qxg5 13. a3 Na2 14. Ra1 Nxc3 15. Bxc3
Qxg2 16. d4 Qxh1+ 17. Kd2 Qxe4 18. f3 Qf4+ 19. Ke2 Ng3+ 20. Kf2 d5 21. dxe5 d4
22. Bb2 Qxe5 23. c3 dxc3 24. Bc1 Qf5 25. f4 c2 26. Bd2 cxd1=Q 27. Rxd1 Ne4+ 28.
Ke3 Qd5 29. f5 Nxd2 30. Re1 Bxf5 31. Ke2 Qf3+ 32. Kxd2+ Kd7 33. Re2 Re8 34. Rxe8
Kxe8 35. h4 Bb1 36. Ke1 Bb4+ 37. axb4 Ke7 38. h5 Rd8 39. b5 Rd1# 0-1

[Event "Challenge"]
[Site "http://www.queenalice.com/game.php?id=1220058"]
[Date "2013.9.26"]
[Round "-"]
[White "Consultti"]
[Black "SilviaVitoria"]
[Result "0-1"]
[WhiteElo "1599"]
[BlackElo "1149"]

1. d4 e5 2. dxe5 Bb4+ 3. c3 Ba5 4. e4 f5 5. Qd5 Ne7 6. Qxa5 O-O 7. Bg5 h6 8. Bh4
g5 9. Bg3 d6 10. exd6 Rf6 11. d7 Nxd7 12. e5 Nxe5 13. Bxe5 Rc6 14. Qxc7 Rxc7 15.
Bxc7 Qxc7 16. Na3 b5 17. Nc4 bxc4 18. Bxc4+ Qxc4 19. Ne2 Nd5 20. Nf4 Nxf4 21. h3
g4 22. hxg4 fxg4 23. Rd1 Bf5 24. Rd8+ Rxd8 25. Rxh6 Re8+ 26. Kd2 Rd8+ 27. Kc1
Rd3 28. Rf6 Qd5 29. Ra6 Qxg2 30. Rxa7 Qxf2 31. Ra8+ Kg7 32. Ra5 Rh3 33. Rxf5
Rh1# 0-1

[Event "Challenge"]
[Site "http://www.queenalice.com/game.php?id=1222240"]
[Date "2013.10.5"]
[Round "-"]
[White "Ponce"]
[Black "SilviaVitoria"]
[Result "1-0"]
[WhiteElo "1760"]
[BlackElo "1222"]

1. d4 e6 2. e4 Bb4+ 3. c3 Ba5 4. e5 d6 5. Qg4 g6 6. Qe2 Nc6 7. Nf3 b5 8. Qxb5
Bd7 9. Qa6 Rb8 10. Bg5 f6 11. exf6 Nxf6 12. Bxf6 Qxf6 13. Qe2 e5 14. b4 O-O 15.
bxa5 Qd8 16. Qd2 Rf4 17. Bc4+ d5 18. Bxd5+ Be6 19. Bxe6+ Kf8 20. Nxe5 Re4+ 21.
Kf1 Nxd4 22. Qh6+ Ke8 23. Bf7+ Ke7 24. Qg7 Rb2 25. Bxg6+ Kd6 26. Nf7+ Kd7 27.
Nxd8+ Kxd8 28. Qg8+ Kd7 29. Bxe4 Nc2 30. Bxc2 Rxc2 31. Qxh7+ Kc6 32. Qxc2 a6 33.
Qa4+ Kb7 34. Na3 Ka7 35. Qd4+ Kb7 36. Rb1+ Kc8 37. Qa7 1-0

[Event "Challenge"]
[Site "http://www.queenalice.com/game.php?id=1222581"]
[Date "2013.10.6"]
[Round "-"]
[White "SilviaVitoria"]
[Black "Consultti"]
[Result "0-1"]
[WhiteElo "1207"]
[BlackElo "1597"]

1. h4 d5 2. Rh3 e5 3. e3 Nc6 4. Qh5 Nf6 5. Qf3 Ng4 6. Bb5 e4 7. Qf5 Bxf5 8. f4
Qe7 9. d3 O-O-O 10. Bd2 exd3 11. Na3 dxc2 12. Nf3 Qc5 13. h5 c1=Q+ 14. Rxc1
Qxc1+ 15. Bxc1 Nb4 16. b3 d4 17. Rh1 dxe3 18. Ke2 Bd3+ 19. Kd1 Nf2+ 20. Ke1 Nxh1
21. Ng1 Be4 22. Bxe3 Nd3+ 23. Ke2 Bxa3 24. Bxa7 Nc1+ 25. Ke1 Bxg2 26. Ba4 Rhe8+
27. Ne2 Nd3+ 28. Kd1 Be4 29. Kd2 Re6 30. Bb5 Re5 31. fxe5 Rd5 32. Be8 Rxe5 33.
Nd4 Rxe8 34. Bc5 Bxc5 35. Ne2 Bf3 36. a3 Bxe2 37. Kc2 Bxa3 38. Kd2 f5 39. Kc3 f4
40. Kc4 Re5 41. Kd4 Bb4 0-1

[Event "Challenge"]
[Site "http://www.queenalice.com/game.php?id=1225261"]
[Date "2013.10.17"]
[Round "-"]
[White "ganatoro"]
[Black "SilviaVitoria"]
[Result "1-0"]
[WhiteElo "1303"]
[BlackElo "1234"]

1. e4 d6 2. Bc4 b6 3. Qf3 b5 4. Qxf7+ Kd7 5. Bxb5+ c6 6. Ba4 Ba6 7. Nc3 Nh6 8.
Qf4 Qc8 9. Nf3 e5 10. Qh4 Be7 11. Qh3+ Ng4 12. Qxg4+ Kd8 13. Qxc8+ Bxc8 14. d3
Na6 15. Bg5 Bxg5 16. Bxc6 1-0